<The> Side effects of China´s 2009 fiscal stimulus

Krátkodobé benefity fiškálnych stimulov pre PZI, export, zamestnanosť, investície, podnikateľskú a spotrebiteľskú dôveru a celkový rast hospodárstva. Dlhodobé náklady v podobe navýšenia verejného dlhu samospráv. Migračná politika v Číne - urbanizmus - predpoklad zvýšenia výkonnosti hospodárstva. Akt...

Descrizione completa

Salvato in:
Dettagli Bibliografici
Autore principale: Dolgošová, Alexandra
Natura: Capitolo di libro
Lingua:inglese
Soggetti:
Tags: Aggiungi Tag
Nessun Tag, puoi essere il primo ad aggiungerne!!

MARC

LEADER 00000naa a2200000 4500
001 0207398
005 20230918095915.9
041 0 |a eng 
044 |a SK 
245 1 0 |a <The> Side effects of China´s 2009 fiscal stimulus  |c Alexandra Dolgošová 
520 |a Krátkodobé benefity fiškálnych stimulov pre PZI, export, zamestnanosť, investície, podnikateľskú a spotrebiteľskú dôveru a celkový rast hospodárstva. Dlhodobé náklady v podobe navýšenia verejného dlhu samospráv. Migračná politika v Číne - urbanizmus - predpoklad zvýšenia výkonnosti hospodárstva. Aktuálne politické riešenie: výmena dlhov samospráv s vysokým úrokom za nízkonákladové dlhopisy. 
610 2 0 |a Čína 
610 2 0 |a recesia 
610 2 0 |a stimuly ekonomické 
610 2 0 |a dlhy miestne 
610 2 0 |a dlhy štátne 
610 2 0 |a dlhy verejné 
610 2 0 |a samospráva miestna 
610 2 0 |a samospráva regionálna 
610 2 0 |a politika fiškálna 
610 2 0 |a decentralizácia fiškálna 
610 2 0 |a hazard morálny 
610 2 0 |a investície priame zahraničné 
100 1 |a Dolgošová, Alexandra